What the World Needs-Tiffany Tatreau - Statistics

General Stats
  • This quiz has been taken 28 times
  • The average score is 361 of 454
Answer Stats
Answer % Correct
A
100%
All
100%
I
100%
What
100%
I
100%
It
100%
Like
100%
Me
100%
Need
100%
Needs
100%
Oh
100%
People
100%
The
100%
To
100%
What
100%
World
100%
An
95%
And
95%
Around
95%
Clear
95%
No
95%
Do
95%
Gas
95%
Get
95%
Go
95%
Gonna
95%
He
95%
I'm
95%
Is
95%
It's
95%
Keep
95%
No
95%
Of
95%
One
95%
Really
95%
So
95%
Up
95%
We
95%
You
95%
Another
89%
Class
89%
Down
89%
Head
89%
Jail
89%
One's
89%
Shoes
89%
Spinning
89%
This
89%
Top
89%
Zero
89%
Here
84%
He's
84%
Little
84%
Move
84%
Okay
84%
Or
84%
Pump
84%
Shaker
84%
Some
84%
They
84%
At
79%
Born
79%
Got
79%
Headline
79%
He'll
79%
Hero
79%
In
79%
Lose
79%
Make
79%
Maker
79%
She
79%
Well
79%
Mover
74%
My
74%
Ooh
74%
Shine
74%
Straight
74%
These
74%
Us
74%
Were
74%
Winners
74%
Are
68%
Coffee
68%
Folks
68%
Love
68%
Monster
68%
That
68%
Through
68%
Add
63%
As
63%
Breed
63%
Cube
63%
Donor
63%
Fetch
63%
Him
63%
If
63%
Life
63%
Look
63%
Mean
63%
Never
63%
Organ
63%
Read
63%
Rob
63%
Still
63%
You'll
63%
7-Eleven
58%
Brats
58%
Cup
58%
Darwin
58%
Feed
58%
Four
58%
Freaky
58%
Ganja
58%
Going
58%
Guard
58%
Harsh
58%
Home
58%
How
58%
Learn
58%
Long's
58%
Man
58%
Maybe
58%
Mom
58%
Security
58%
She's
58%
Solve
58%
Steady
58%
That's
58%
Them
58%
Things
58%
Tube
58%
Walmart
58%
Was
58%
Watch
58%
Will
58%
With
58%
Yes
58%
Attention
53%
Called
53%
Card
53%
Credit
53%
Crystal
53%
Diabetes
53%
Don't
53%
'Em
53%
Evolution
53%
Fail
53%
Fries
53%
Groovy
53%
Had
53%
Have
53%
Medium
53%
Movie
53%
Overdrawn
53%
Pokemon
53%
Sandwich
53%
Smokes
53%
Soccer
53%
Span
53%
Stay
53%
Tattoos
53%
Theory
53%
What's
53%
Your
53%
Artist
47%
Coke
47%
Crowd
47%
Doesn't
47%
Greeter
47%
Homemade
47%
Kid
47%
Minivan
47%
Mucking
47%
Our
47%
See
47%
SpiderMan
47%
Steal
47%
Thanks
47%
There's
47%
Transformer
47%
Booze
42%
Cause
42%
Find
42%
His
42%
Less
42%
Low-Class
42%
More
42%
Ohh
42%
Place
42%
Problem
42%
Rubik's
42%
Say
42%
Supersized
42%
Want
42%
Cut
37%
Expressing
37%
Father
37%
Himself
37%
Isn't
37%
Keeping
37%
Loud
37%
Solution
37%
Someone
37%
Mmm
32%
Gotta
32%
Hubcaps
32%
Mmm
32%
Out
32%
Plain
32%
Score
32%
Serves
32%
Guaranteed
26%
Into
26%
Put
26%
But
21%
Words
21%
Seriously
11%
Rarein'
5%
No matching quizzes found
Score Distribution
Percent of People with Each Score
Percentile by Number Answered
Your Score History
You have not taken this quiz